|
|
|
|
| LEADER |
00944nam a2200241 a 4500 |
| 001 |
GR-MES14904 |
| 008 |
941102s2007 mau b 001 b eng d |
| 020 |
|
|
|a 0618732449
|q student ed.
|
| 040 |
|
|
|a GrPaTEI
|b gre
|c GR-PaULI
|
| 040 |
|
|
|a GrPaTEI
|b gre
|c GR-PaULI
|
| 082 |
|
0 |
|a 330
|2 21
|
| 100 |
1 |
|
|a Taylor, John B.
|
| 245 |
1 |
0 |
|a Economics /
|c John B. Taylor.
|
| 250 |
|
|
|a 5th ed.
|
| 260 |
|
|
|a Boston :
|b Houghton Mifflin,
|c c2007
|
| 300 |
|
|
|a xxxix, 794 σ. :
|b εικ., χάρ. ;
|c 26 εκ.
|
| 504 |
|
|
|a Περιλαμβάνει βιβλιογραφία και ευρετήριο.
|
| 650 |
|
0 |
|a Economics
|
| 650 |
|
4 |
|a Οικονομικά
|
| 942 |
|
|
|2 ddc
|
| 952 |
|
|
|0 0
|1 0
|2 ddc
|4 0
|6 330_000000000000000_ΤΑΥ
|7 0
|9 272773
|a MSLG
|b MSLG
|c BSC
|d 2021-01-17
|e 24
|f 0
|g 0.00
|l 0
|o 330 ΤΑΥ
|p 2420000023628
|r 2021-01-17 00:00:00
|t 1
|w 2021-01-17
|y BK15
|x 20090311 0 ΤΣΑΝΤΑΡΛΙΩΤΗ 1
|x GrPaTEI
|
| 971 |
|
|
|a .b25809532
|b 15-04-20
|c 13-09-16
|
| 999 |
|
|
|c 157818
|d 157818
|